000
00349nam a2200157Ia 4500
003
0STCL
008
150530s9999 xx 000 0 und d
040
_a
STCL
_c
STCL
100
_a
Sethi, J.D.
245
_a
Indian economy under siege
260
_b
Vikas
_c
1993
546
_a
English
942
_2
ddc
_c
BK
999
_c
7918
_d
7918
005
20220125165458.0